000
00272nam a2200109Ia 4500
008
230907s9999||||xx |||||||||||||| ||und||
082
_a
621.3815
_b
BOG
245
0
_a
Electronic devices and circuits /
260
_a
Pearson,
_b
Noida :
_c
2006
300
_a
877 p.
942
_c
BK
999
_c
601355
_d
601355